| 000 | 01409cam a2200253 4500 | ||
|---|---|---|---|
| 001 | WB3915-19 | ||
| 008 | 030415n2003 000 0 eng u | ||
| 035 | _a(Sirsi) u121991 | ||
| 245 | _aClearer town centre retail development policy | ||
| 260 | _c2003 | ||
| 490 |
_aODPM News Release _v(2003/0070) 11 April 2003 (4) |
||
| 520 | _aA statement clarifying government policy on town centre retailing has been issued prior to a comprehensive update of "Town centres and retail developments" (PPG6) later in 2003. The policy has been successful in achieving a better balance between investment in town centres and out-of-town developments but has become increasingly difficult to implement. The statement deals with the tests that new retail and leisure developments have to satisfy before they can receive planning permission to build outside town or other centres. PPG6 is available at http://www.planning.odpm.gov.uk/ppg/ppg6/. The statement is at http://www.odpm.gov.uk/pns/DisplayPN.cgi?pn_id=2003_0070 | ||
| 590 | _aWB | ||
| 650 | _aTOWN CENTRES | ||
| 650 | _aRETAIL DEVELOPMENT | ||
| 650 | _aSUSTAINABLE DEVELOPMENT | ||
| 650 | _aPLANNING POLICY GUIDANCE NOTE SIX | ||
| 650 | _aOUT-OF-TOWN SHOPPING | ||
| 650 | _aLEISURE DEVELOPMENT | ||
| 650 | _aPPG11 | ||
| 650 | _aPLANNING POLICY GUIDANCE NOTE 13 | ||
| 690 | _aENVIRONMENTAL AND LAND CONSULTANCY-PLANNING AND DEVELOPMENT | ||
| 942 | _n0 | ||
| 999 |
_c72495 _d72495 |
||